000 01616cas a22004217a 4500
005 20220329142019.0
008 990217c1955 us qr p rnn 0 0b1eng d
010 _a77055
011 _a78027
022 0 _a0032-0919
035 _a87827
245 0 0 _aPlant Science Bulletin
_c/by Botanical Society of America
260 0 _aColumbus, OH :
_bBotanical Society of America,
_c1955-
300 _av. :
_bilus.
310 _aTrimestral
362 1 _av.40 n.4, 1994
590 _aBATCH-UPD
_b10
_c20130110
_lUCH01
_h2248
590 _aBATCH-UPD
_b10
_c20130410
_lUCH01
_h1542
590 _aBATCH-UPD
_b10
_c20130914
_lUCH01
_h0736
590 _aCONVERSION
_b10
_c20130109
_lUCH01
_h1342
650 1 4 _aBotánica
_xPublicaciones periódicas.
_914606
866 _av. 44 n. 4 (1998: Winter)
866 _av. 45 n. 1 (1999: Spring) - v. 45 n. 4 (1999: Winter)
866 _av. 46 n. 1 (2000: Spring) - v. 46 n. 4 (2000: Winter)
866 _av. 48 n. 1 (2002: Spring) - v. 48 n. 4 (2002: Winter)
866 _av. 49 n. 1 (2003: Spring) - v. 49 n. 4 (2003: Winter)
866 _av. 52 n. 1 (2006: Spring) - v. 53 n. 4 (2007: Winter)
866 _av. 54 n. 1 (2008: Spring) - v. 54 n. 4 (2008: Winter)
866 _av. 55 n. 2 (2009: Summer)
866 _av.19 n.1-4 - (1973)
866 _av.23 n.4 - (1977)
866 _av.24 n.3-4 - (1978)
866 _av.32 n.1-2,4-6 - (1986)
866 _av.33 n.1-v.36 n.4 - (1987-1990)
866 _av.38 n.1-v.44 n.1,3 - (1992-1998)
901 _aSE
905 _aLilia Sánchez G.
999 _c77055
_d77055